Least Populous Mainland Countries by Continent - Statistics

General Stats
  • This quiz has been taken 2,474 times
    275 since last reset
  • The average score is 18 of 21
Answer Stats
Continent Rank Country % Correct
Europe 1 Vatican City
94%
South America 2 Guyana
93%
Europe 4 Liechtenstein
93%
Europe 3 Monaco
93%
Europe 2 San Marino
93%
South America 1 Suriname
93%
North America 1 Belize
92%
North America 2 Panama
92%
South America 4 Paraguay
92%
South America 3 Uruguay
92%
North America 3 Costa Rica
89%
North America 4 El Salvador
89%
Oceania 1 Australia
84%
Asia 1 Bhutan
84%
Africa 2 Eswatini
81%
Africa 1 Djibouti
78%
Asia 2 Qatar
76%
Asia 3 Armenia
69%
Africa 3 Equatorial Guinea
68%
Asia 4 Mongolia
66%
Africa 4 Guinea-Bissau
62%
No matching quizzes found
Score Distribution
Percent of People with Each Score
Percentile by Number Answered
Your Score History
You have not taken this quiz since the last reset